00359 a2200133 4500001000700000020001500007040002200022041001600044082002500060100002800085245005500113260004400168362001300212136023 a8590713609 cLeonardo Da Vinci aPortuguês a658.408 C871fbC871f aCOSTA, Eduardo Homem da aFundamentos de responsabilidade social empresarial bE. Homem da Costac2007aRio de Janeiro a20070000